Rozpoznaj grę po recenzji Steam 7 - Statystyki

Ogólne statystyki
  • Ten quiz został rozwiązany 10 razy
  • Średni wynik to 2 z 20
Statystyki odpowiedzi
Recenzja Tytuł Gry % Poprawnych
"28 stab wounds" Detroit: Become Human
63%
"Nie ma kolegi w zestawie :(" A Way Out
25%
"Monke commit copius amounts of war crimes to kill flying rubber" Bloons TD5
25%
"Fajna gierka ciupie w nią codziennie, za kilka tygodni wymontuje katalizator z samochodu somsiada" Car Mechanic Simulator 2021
25%
"It's about drive.
It's about power.
We stay hungry.
We devour."
DEVOUR
25%
"is Los Angeles an island ?" Dead Island 2
13%
"No work, no school, just meow meow." Little Kitty, Big City
13%
"doesn't rain" Risk of Rain 2
13%
"i can fix her i can fix her i can fix her i can fix her i can fix her i can fix her i can fix her i can fix her i can fix her i can fix her
i can fix her i can fix her i can fix her i can fix her i can fix her i can fix her i can fix her i can fix her i can fix her i can fix her
i can fix her i can fix her i can fix her i can fix her i can fix her i can fix her i can fix her i can fix her i can fix her i can fix her
i can fix her i can fix her i can fix her i can fix her i can fix her i can fix her i can fix her"
The Coffin of Andy and Leyley
13%
"This game made me realize that the place where my parents left me at age of 10 was in fact not a summer camp." Cult of the Lamb
0%
"I would have quit World of Warcraft years ago, if I knew how much I'd end up loving this game" FINAL FANTASY XIV Online
0%
"killed one maid,
entire police force arrives and the building explodes.
10/10, would be bald again."
Hitman: Absolution
0%
"This game is full of bugs." Hollow Knight
0%
"This game is great not just for the men, but the women and the children as well" LEGO Star Wars The Skywalker Saga
0%
"Pros: Makes you feel like a SCP site director Cons: Makes you feel like a SCP site director" Lobotomy Corporation
0%
"This game is like if hideo kojima smoked crack and tried to make a final fantasy game" NieR:Automata
0%
"Piękna giera jeszcze tylko Prosze o porty na pc Trylogie z ps3" Ratchet & Clank: Rift Apart
0%
"I like shooting testicles." Sniper Elite 4
0%
"after mere 13 hours I am now afraid of the sound my dishwasher makes at night, would reccommend." UBOAT
0%
"It's pretty good but online has too many 'hackers'" Watch_Dogs 2
0%
Nie znaleziono quizów pasujących do podanych kryteriów
Rozkład punktacji
Procent ludzi z każdym wynikiem
Percentyl według liczby udzielonych odpowiedzi
Twoja historia wyników
Nie rozwiązałeś tego quizu